Chilenismos con historia: historias curiosas y desconocidas de los principales modismos, voces, expresiones y giros propios del lenguaje de los chilenos
Guardat en:
| Autor principal: | |
|---|---|
| Format: | Llibre |
| Idioma: | espanyol |
| Publicat: |
Santiago
Feria Chilena del Libro
2008
|
| Edició: | 1a. ed |
| Matèries: | |
| Etiquetes: |
Afegir etiqueta
Sense etiquetes, Sigues el primer a etiquetar aquest registre!
|
MARC
| LEADER | 00000nam a2200000 a 4500 | ||
|---|---|---|---|
| 001 | UCH2411 | ||
| 003 | CL-VaPUC | ||
| 008 | 090611e20080000CL |||||||||||||||||spa|d | ||
| 020 | |a 9789568701024 | ||
| 082 | 0 | 4 | |a 410 |b VEL |2 21 |
| 100 | 0 | |a Velis-Meza, Héctor E |e author |9 537210 | |
| 245 | 1 | 0 | |a Chilenismos con historia: historias curiosas y desconocidas de los principales modismos, voces, expresiones y giros propios del lenguaje de los chilenos |
| 250 | |a 1a. ed | ||
| 300 | |a 123 p | ||
| 942 | |c BK | ||
| 945 | |d 20090611 00:00:00 |a cmena | ||
| 260 | |a Santiago |b Feria Chilena del Libro |c 2008 | ||
| 650 | 0 | |a Lingüística |9 265068 | |
| 650 | 0 | |a Chilenismos |9 306533 | |
| 650 | 7 | |a MODISMOS |2 CL-VaPUC |9 416810 | |
| 650 | 0 | |a Lenguaje hablado |9 339599 | |
| 650 | 0 | |a Sociolingüística |9 263716 | |
| 650 | 0 | |a Filología |9 321245 | |
| 650 | 0 | |a Diccionarios |9 256200 | |
| 583 | |a last modification |c 20090611 00:00:00 |k Rodrigo Vera | ||
| 999 | |c 334152 |d 334150 | ||
| 952 | |0 0 |1 0 |4 0 |6 410_000000000000000_VEL_2008 |7 0 |8 C |9 422985 |a BIBCUR |b BIBCUR |d 2019-11-22 |i 4562836 |l 2 |o 410 VEL 2008 |p 4562836 |r 2025-04-22 |s 2025-01-07 |w 2019-11-22 |y BK |k CAC | ||